(Record no. 190126)

MARC details
000 -LEADER
fixed length control field 00454nam a2200145Ia 4500
041 ## - LANGUAGE CODE
Language code of text/sound track or separate title Arabic
082 ## - DEWEY DECIMAL CLASSIFICATION NUMBER
Classification number 216.1 cut-828 ا
100 ## - MAIN ENTRY--PERSONAL NAME
Personal name 20260118u\\\\\\\\\\\y0engy0103\\\\ba
Personal name محمد كمال الدين راماح
245 #0 - TITLE STATEMENT
Title الزواج والطلاق في الفقه الاسلامي
250 ## - EDITION STATEMENT
Edition statement ط1
260 ## - PUBLICATION, DISTRIBUTION, ETC. (IMPRINT)
Name of publisher, distributor, etc الموسسة الجامعية للدراسات
Place of publication, distribution, etc بيروت - لبنان
Date of publication, distribution, etc 1996
300 ## - PHYSICAL DESCRIPTION
Extent 420
942 ## - ADDED ENTRY ELEMENTS (KOHA)
Koha item type Books
Holdings
Withdrawn status Lost status Damaged status Not for loan Collection code Home library Current library Shelving location Date acquired Total Checkouts Full call number Barcode Date last seen Copy number Price effective from Koha item type
          Koya University Central Library Koya University Central Library Books 18/01/2026   216.1 cut-828 ا 0000095837 18/01/2026 1 18/01/2026 Books